00827nam a22001457a 4500082002100000245011300021260003700134300005700171563000800228942001500236999001900251952013700270952013700407952013700544 a344.0095491bPLC aPakistan Labour Cases 2020 :bPLC /cFounded by Malik Mir Muhammad and Edited by Muhammad Wahaj Azhar et all aLahore :bPLD Publishers,c2020. aVol: 1. 572, Vol: 2. 758 and Vol: 3. 626 p. ;c23cm. aHB. 2ddccCRs1 c595227d595227 00102ddc4070aNLSbNLScLAWd2023-07-11ePLD PublishershVol. LXI, No. 1o344.0095491 PLCpCL-L-1348r2023-07-11w2023-07-11yREF 00102ddc4070aNLSbNLScLAWd2023-07-11ePLD PublishershVol. LXI, No. 2o344.0095491 PLCpCL-L-1349r2023-07-11w2023-07-11yREF 00102ddc4070aNLSbNLScLAWd2023-07-11ePLD PublishershVol. LXI, No. 3o344.0095491 PLCpCL-L-1350r2023-07-11w2023-07-11yREF